Erster Weltkrieg - Statistiken

Allgemein
  • Dieses Quiz wurde 449 mal gespielt
  • Das Durchschnittsergebnis liegt bei 13 aus 20
Antwortstatistiken
Frage Antwort % Korrekt
Von wann bis wann ging der Krieg? 1914 - 1918
99%
Was wird aus dem Deutschen Kaiserreich? Die Weimarer Republik
90%
Welche beiden Länder erklärten sich zuerst den Krieg? Serbien und Österreich-Ungarn
90%
Welche Front gab es im Kriegsverlauf nie? Nordfront
89%
Was wird aus Österreich-Ungarn? Die Einzelstaaten Österreich, Ungarn und Tschechoslowakei
88%
Die Ostfront wurde von welchem Land nicht mitbestritten? Königreich Spanien
88%
Welches Land war nicht mit dem Deutschen Kaiserreich verbündet? Serbien
86%
Welches Land wurde vom Deutschen Kaiserreich angegriffen, woraufhin Großbritannien in den Krieg eintrat? Belgien
85%
Welches heutige Land war zum Ausbruch des Krieges keine Monarchie? 3. Französische Republik
76%
Welches Bündnis gab es nicht? Achsenmächte
74%
Die Westfront wurde von welchem Land nicht mitbestritten? Niederlande
71%
Der Drei-Kaiser-Bund wurde von welchem Mitglied verraten? Russisches Zarenreich
63%
Welches Geschlecht war nicht am Krieg beteiligt? Álvarez de Toledo
60%
Wie wird der Krieg nicht genannt? Blitzkrieg
60%
Die Südfront wurde von welchem Land nicht mitbestritten? Republik Frankreich
56%
Die „westliche Balkan“-Front wurde von welchem Land nicht mitbestritten? Albanien
48%
Der wievielte Kaiser war an der Macht des Deutschen Kaiserreichs, als dieses zusammenbrach? 3te
46%
Wer wird am Ende des Krieges nicht für dessen Ausbruch verantwortlich gemacht? Serbien
35%
Die „östliche Balkan“-Front wurde von welchem Land nicht mitbestritten? Osmanisches Reich
27%
Wie hieß der Kaiser von Österreich, der 1916 ins Amt trat? Karl Karoly I.
14%
Keine übereinstimmenden Quizze gefunden
Verteilung der Resultate
Anzahl Personen mit jedem Resultat
Perzentil nach korrekt beantworteten Fragen
Ihre Resultats-Entwicklung
Sie haben dieses Quiz noch nicht gespielt